MARC

LEADER 00000nam0a2200000 4500
001 56398
005 20231101211612.0
035 |a (RuTPU)RU\TPU\book\59242 
090 |a 56398 
100 |a 20030929d1976 km y0rusy50 ca 
101 1 |a rus  |c eng 
102 |a RU 
105 |a a g 001zy 
200 1 |a Справочник по радиолокационным измерениям  |e пер. с англ.  |f Д. К. Бартон, Г. Р. Вард 
210 |a Москва  |c Советское радио  |d 1976 
215 |a 392 с.  |c ил. 
320 |a Библиогр.: с. 383-386. 
320 |a Предметный указатель: с. 386-390. 
606 1 |a Радиолокационные сигналы  |x Обнаружение  |x Статистическая теория  |2 stltpush  |3 (RuTPU)RU\TPU\subj\22775  |9 47472 
610 1 |a радиолокация 
610 1 |a измерения 
610 1 |a теория 
610 1 |a шумы 
610 1 |a ошибки 
610 1 |a радиолокаторы 
610 1 |a справочники 
675 |a 621.396.969(035)  |v 3 
700 1 |a Бартон  |b Д. К.  |g Давид 
701 1 |a Вард  |b Г. Р.  |g Гарольд 
801 1 |a RU  |b 63413507  |c 20030929  |g PSBO 
801 2 |a RU  |b 63413507  |c 20201030  |g PSBO 
942 |c BK